000 00286nam a22001337a 4500
008 170607b xxu||||| |||| 00| 0 eng d
020 _a0805012818
041 _aeng
080 _a94
100 _a18
101 _aSHH
245 _aTHE HISTORY PLAYS
_cSHAKESPEARE,W
942 _2udc
_cBK
999 _c16325
_d16325